[Event "6th LCT GpA 2012"]
[Site "Leiden NED"]
[Date "2012.07.14"]
[Round "7.1"]
[White "Negi, P."]
[Black "Vorobiov, E."]
[Result "1-0"]
[WhiteElo "2661"]
[BlackElo "2586"]
[PlyCount "49"]
[EventDate "2012.07.06"]
[SourceDate "1999.07.01"]

1. e4 c5 2. Nf3 d6 3. d4 cxd4 4. Nxd4 Nf6 5. Nc3 a6 6. Bg5 Nbd7 7. Qe2 b5 8. f4
e5 9. fxe5 dxe5 10. O-O-O exd4 11. e5 Be7 12. exf6 gxf6 13. Nd5 fxg5 14. Re1
Nf6 15. Nxf6+ Kf8 16. Qe4 Be6 17. Nxh7+ Kg7 18. Bd3 Ra7 19. Qe5+ Kg8 20. h4
gxh4 21. Qh5 Qd5 22. Re5 Qxg2 23. Ree1 Rxh7 24. Bxh7+ Kf8 25. Rhg1 1-0

[Event "4th Rethymno Open"]
[Site "Rethymno GRE"]
[Date "2012.07.11"]
[Round "6.5"]
[White "Pap, M."]
[Black "Borovikov, V."]
[Result "1/2-1/2"]
[WhiteElo "2500"]
[BlackElo "2569"]
[PlyCount "70"]
[EventDate "2012.07.07"]
[SourceDate "1999.07.01"]

1. e4 c5 2. Nf3 d6 3. d4 cxd4 4. Nxd4 Nf6 5. Nc3 a6 6. Bg5 Nbd7 7. f4 Qc7 8.
Qe2 e6 9. O-O-O b5 10. f5 e5 11. Nd5 Nxd5 12. exd5 Nb6 13. g4 h6 14. Bh4 Qc4
15. Nb3 Qxe2 16. Bxe2 h5 17. Bf2 Nc4 18. h3 hxg4 19. hxg4 Rxh1 20. Rxh1 Bb7 21.
Rd1 Rc8 22. Bxc4 Rxc4 23. Na5 Rf4 24. Be3 Re4 25. Nxb7 Rxe3 26. Rd3 Re1+ 27.
Kd2 Re4 28. Ra3 Rxg4 29. Rxa6 Rd4+ 30. Ke3 Rxd5 31. Ra8+ Ke7 32. c3 Rd1 33. Na5
d5 34. Nc6+ Kd6 35. Rxf8 Kxc6 1/2-1/2

[Event "4th Rethymno Open"]
[Site "Rethymno GRE"]
[Date "2012.07.13"]
[Round "8.2"]
[White "Kryvoruchko, Y."]
[Black "Banikas, H."]
[Result "1/2-1/2"]
[WhiteElo "2672"]
[BlackElo "2626"]
[PlyCount "70"]
[EventDate "2012.07.07"]
[SourceDate "1999.07.01"]

1. e4 c5 2. Nf3 d6 3. d4 cxd4 4. Nxd4 Nf6 5. Nc3 a6 6. Be3 Ng4 7. Bc1 Nf6 8. f3
Qb6 9. g4 Nc6 10. Nb3 e6 11. Qe2 Qc7 12. Be3 b5 13. O-O-O Bb7 14. Qf2 Nd7 15.
Kb1 Rc8 16. Bd3 Nce5 17. Rhg1 Nc4 18. Bxc4 Qxc4 19. Na5 Qc7 20. Nxb7 Qxb7 21.
Bd4 b4 22. Na4 Nc5 23. Bxc5 dxc5 24. b3 Be7 25. Nb2 O-O 26. Nc4 Rcd8 27. h4
Rxd1+ 28. Rxd1 Qc7 29. f4 Rd8 30. Re1 Rd4 31. g5 a5 32. f5 exf5 33. exf5 Bf8
34. h5 Qd8 35. Qg1 a4 1/2-1/2

[Event "World Blitz Final"]
[Site "Astana KAZ"]
[Date "2012.07.09"]
[Round "5"]
[White "Karjakin, Sergey"]
[Black "Le Quang Liem"]
[Result "1-0"]
[WhiteElo "2779"]
[BlackElo "2693"]
[PlyCount "63"]
[EventDate "2012.07.01"]
[SourceDate "1999.07.01"]

1. e4 c5 2. Nf3 d6 3. d4 cxd4 4. Nxd4 Nf6 5. Nc3 a6 6. Be3 e5 7. Nf3 Be7 8. Bc4
O-O 9. O-O Qc7 10. Bb3 Be6 11. Re1 Rc8 12. Bg5 Nbd7 13. Nd2 b5 14. a3 Nb6 15.
Nf1 Ne8 16. Qd2 Bxg5 17. Qxg5 Nf6 18. Ne3 Qb7 19. Rad1 Nc4 20. Bxc4 bxc4 21.
Rxd6 Qxb2 22. Ncd5 Bxd5 23. Nf5 Ne8 24. Ne7+ Kf8 25. Nxc8 f6 26. Qd2 Nxd6 27.
Qxd5 Rxc8 28. Qxd6+ Ke8 29. Qe6+ Kd8 30. Rd1+ Kc7 31. Rd7+ Kb8 32. Qd6+ 1-0

[Event "40th TCh-GRE 2012"]
[Site "Achaea GRE"]
[Date "2012.07.03"]
[Round "5.1"]
[White "Kotronias, V."]
[Black "Papaioannou, I."]
[Result "1/2-1/2"]
[WhiteElo "2595"]
[BlackElo "2597"]
[PlyCount "68"]
[EventDate "2012.06.30"]
[SourceDate "1999.07.01"]
[WhiteTeam "CORINTH REC ARGONAFTIS"]
[BlackTeam "CP PERISTERI"]

1. e4 c5 2. Nf3 d6 3. d4 cxd4 4. Nxd4 Nf6 5. Nc3 a6 6. Bg5 Nbd7 7. f4 Qc7 8.
Qf3 h6 9. Bxf6 Nxf6 10. Qg3 g5 11. O-O-O Bd7 12. fxg5 hxg5 13. Kb1 O-O-O 14.
Qxg5 Bh6 15. Qg3 Rdg8 16. Qf2 Kb8 17. Nd5 Nxd5 18. exd5 e5 19. Nf5 Bxf5 20.
Qxf5 Bf4 21. g3 Bxg3 22. Bxa6 Rxh2 23. Rxh2 Bxh2 24. Bb5 Bf4 25. a4 Rg5 26. Qf6
Ka7 27. Bd3 Rh5 28. Qg7 Rg5 29. Qf8 Qd7 30. a5 Rh5 31. Qg7 Rg5 32. Qf6 Rh5 33.
Qg7 Rg5 34. Qh7 Qc7 1/2-1/2

[Event "40th TCh-GRE 2012"]
[Site "Achaea GRE"]
[Date "2012.07.01"]
[Round "3.1"]
[White "Kamsky, G."]
[Black "Kempinski, R."]
[Result "1-0"]
[WhiteElo "2741"]
[BlackElo "2606"]
[PlyCount "121"]
[EventDate "2012.06.30"]
[SourceDate "1999.07.01"]
[WhiteTeam "CN Kavala"]
[BlackTeam "EOAO FYSIOLATRIS NICE"]

1. e4 c5 2. Nf3 d6 3. d4 cxd4 4. Nxd4 Nf6 5. Nc3 a6 6. a4 e5 7. Nf3 Be7 8. Bc4
Be6 9. Bb3 Nc6 10. O-O Na5 11. Ba2 Rc8 12. Qe2 O-O 13. Rd1 Qc7 14. Bg5 Nc4 15.
Bxf6 Bxf6 16. Bxc4 Bxc4 17. Qd2 Rfd8 18. Ne1 Qc6 19. a5 h6 20. Nd3 Bg5 21. Qe1
b6 22. g3 bxa5 23. h4 Be7 24. Rxa5 Qb6 25. Rda1 Re8 26. Qd2 Bd8 27. R5a4 Qb7
28. b3 Bb5 29. R4a2 Rxc3 30. Qxc3 Qxe4 31. Rxa6 Qf3 32. Rxd6 Bxh4 33. Qb4 Bxg3
34. Qxb5 Rc8 35. Qd5 e4 36. Rg6 Bb8 37. Rg2 Qf6 38. Re1 exd3 39. Qxd3 g6 40.
Qd7 Rf8 41. Rg4 Bf4 42. Qa4 Bh2+ 43. Kg2 h5 44. Rge4 Bc7 45. Rd1 Bb6 46. Rf4
Qg5+ 47. Kf1 Bc7 48. Rf3 h4 49. Qe4 Qh6 50. Kg2 Qg5+ 51. Kh3 Qh5 52. Rd7 Be5
53. Qg4 Qh6 54. c4 Qc1 55. Kg2 Qh6 56. c5 f5 57. Qc4+ Kh8 58. c6 Qg5+ 59. Kh3
Bf6 60. Rf4 Rc8 61. Qf7 1-0

[Event "TCh-CHN 2012"]
[Site "Taizhou CHN"]
[Date "2012.06.28"]
[Round "6"]
[White "Motylev, A."]
[Black "Wang Hao"]
[Result "1-0"]
[WhiteElo "2683"]
[BlackElo "2733"]
[PlyCount "37"]
[EventDate "2012.04.28"]
[SourceDate "1999.07.01"]
[WhiteTeam "Chongqing"]
[BlackTeam "Chengdu"]

1. e4 c5 2. Nf3 d6 3. d4 cxd4 4. Nxd4 Nf6 5. Nc3 a6 6. Bg5 Nbd7 7. Qe2 b5 8.
Nd5 Bb7 9. Bxf6 Nxf6 10. Nxf6+ exf6 11. a4 bxa4 12. Qc4 a3 13. Rxa3 d5 14. Qa4+
Qd7 15. Qxd7+ Kxd7 16. Rb3 Kc7 17. Rc3+ Kb6 18. Rb3+ Ka7 19. Bxa6 1-0